MARC

LEADER 00000nam0a2200000 4500
001 285062
005 20231101235746.0
020 |a RU  |b 85-20641 
035 |a (RuTPU)RU\TPU\book\309263 
090 |a 285062 
100 |a 20150220d1985 m y0rusy5003 ca 
101 0 |a rus 
102 |a RU 
105 |a y z 001zy 
200 1 |a Партийное руководство эвакуацией в период Великой Отечественной войны 1941-1942 гг.  |f М. И. Лихоманов, Л. Т. Позина, Е. И. Финогенов 
210 |a Ленинград  |c Изд-во ЛГУ  |d 1985 
215 |a 169 с. 
320 |a Библиогр. в тексте 
606 1 |a КПСС  |x История  |x Период Великой Отечественной войнв 1941-1945 г. г.  |2 stltpush  |3 (RuTPU)RU\TPU\subj\75261  |9 87107 
610 1 |a Коммунистическая партия Советского Союза 
610 1 |a эвакуация 
610 1 |a партийное руководство 
610 1 |a население 
610 1 |a промышленные предприятия 
610 1 |a партийные организации 
610 1 |a тыловые зоны 
610 1 |a сельское хозяйство 
610 1 |a научные организации 
610 1 |a культурно-просветительные учреждения 
686 |a Ф61(2)272.2  |2 rubbk 
700 1 |a Лихоманов  |b М. И.  |g Михаил Иванович 
701 1 |a Позина  |b Л. Т.  |g Лариса Тихоновна 
701 1 |a Финогенов  |b Е. И.  |g Евгений Игнатьевич 
801 0 |a RU  |b RuMRKP  |c 19950704  |g psbo 
801 1 |a RU  |b 63413507  |c 20150220 
801 2 |a RU  |b 63413507  |c 20171102  |g RCR 
942 |c BK